Strany razlicnogo urovnja razvitija v mirovom chozjajstve:Problemy ekonomiceskich otnosenii (Record no. 299)
[ view plain ]
| 000 -LEADER | |
|---|---|
| fixed length control field | 00549nam a22001937i 4500 |
| 001 - CONTROL NUMBER | |
| control field | 303 |
| 003 - CONTROL NUMBER IDENTIFIER | |
| control field | OSt |
| 005 - DATE AND TIME OF LATEST TRANSACTION | |
| control field | 20170126082241.0 |
| 007 - PHYSICAL DESCRIPTION FIXED FIELD--GENERAL INFORMATION | |
| fixed length control field | tu |
| 008 - FIXED-LENGTH DATA ELEMENTS--GENERAL INFORMATION | |
| fixed length control field | 161220s1985 xxu||||| |||| 00| 0 d |
| 024 7# - OTHER STANDARD IDENTIFIER | |
| Standard number or code | 302 |
| Source of number or code | RID |
| 040 ## - CATALOGING SOURCE | |
| Transcribing agency | OSt |
| 084 ## - OTHER CLASSIFICATION NUMBER | |
| Classification number | 11.71 |
| -- | 11.82 |
| -- | 11.66 |
| -- | 3.61 |
| Number source | z |
| 100 1# - MAIN ENTRY--PERSONAL NAME | |
| Personal name | Zevin, L.Z. |
| 242 00 - TRANSLATION OF TITLE BY CATALOGING AGENCY | |
| Title | Länder mit verschiedenem Entwicklungsniveau in der Weltwirt |
| 245 00 - TITLE STATEMENT | |
| Title | Strany razlicnogo urovnja razvitija v mirovom chozjajstve:Problemy ekonomiceskich otnosenii |
| 260 ## - PUBLICATION, DISTRIBUTION, ETC. | |
| Place of publication, distribution, etc. | Moskva : |
| Name of publisher, distributor, etc. | Nauka, |
| Date of publication, distribution, etc. | 1985. |
| 300 ## - PHYSICAL DESCRIPTION | |
| Extent | 196 S. ; |
| Dimensions | 21cm. |
| 942 ## - ADDED ENTRY ELEMENTS (KOHA) | |
| Koha item type | Book |
| Withdrawn status | Lost status | Damaged status | Not for loan | Home library | Current library | Shelving location | Date acquired | Inventory number | Total Checkouts | Full call number | Barcode | Date last seen | Price effective from | Koha item type |
|---|---|---|---|---|---|---|---|---|---|---|---|---|---|---|
| WIIW | WIIW | Souterrain | 06/16/1992 | 303 | I-4.985 | 300301 | 01/26/2017 | 01/26/2017 | Book |
